书目信息 |
| 题名: |
土壤肥料学
|
|
| 作者: | 林启美 主编 | |
| 分册: | ||
| 出版信息: | 北京 中央广播电视大学出版社 1999 |
|
| 页数: | 222页 | |
| 开本: | 26cm | |
| 丛书名: | ||
| 单 册: | ||
| 中图分类: | S158 | |
| 科图分类: | 65.267 | |
| 主题词: | 肥料--高等学校--教材 , 土壤肥力--高等学校--教材 | |
| 电子资源: | ||
| ISBN: | 7-304-01629-9 | |
| 000 | 00721nam0 2200253 45 | |
| 001 | 0192009999 | |
| 005 | 20070724111041.81 | |
| 010 | @a7-304-01629-9@dCNY16.50 | |
| 020 | @aCN@b92009999 | |
| 100 | @a19920824d1999 em y0chiy0121 ea | |
| 101 | 0 | @achi |
| 102 | @aCN@b110000 | |
| 105 | @ay z 000yy | |
| 200 | 10 | @a土壤肥料学@Atu rang fei liao xue@f林启美主编@Flin qi mei zhu bian |
| 210 | @a北京@c中央广播电视大学出版社@d1999@h2003 | |
| 215 | @a222页@d26cm | |
| 540 | 1 | @a土壤 肥料@Atu rang fei liao |
| 606 | @a肥料@x高等学校@x教材 | |
| 606 | @a土壤肥力@x高等学校@x教材 | |
| 690 | @aS158 | |
| 692 | @a65.267 | |
| 701 | 0 | @a林启美@Alin qi mei@4主编 |
| 801 | 0 | @aCN@bTSSF@c20070724 |
| 905 | @a10447@dS158@e65 | |
| 土壤肥料学/林启美主编.-北京:中央广播电视大学出版社,1999(2003) |
| 222页;26cm |
| ISBN 7-304-01629-9:CNY16.50 |
| ● |
| 相关链接 |
|
|
|
|
正题名:土壤肥料学
索取号:S158/65
 
预约/预借
| 序号 | 登录号 | 条形码 | 馆藏地/架位号 | 状态 | 备注 |
| 1 | 0770138 | 207701389 | 第二样本阅览室/ [索取号:S158/65] | 在馆 |